000
00303nam a2200145Ia 4500
100
_a
Lento/ Robert
650
_a
Carpentery
942
_c
BK
654
_a
Woodworking
245
_a
Woodworking
260
_b
prentice hall
_a
New Jersey
_c
1979
082
_a
684.08
300
_a
543
546
_a
ENGLISH
999
_c
32649
_d
32649